Globalisation and sovereignity of nation-states (Record no. 3557)

MARC details
000 -LEADER
fixed length control field 00827 a2200217 4500
010 ## - LIBRARY OF CONGRESS CONTROL NUMBER
LC control number ENG-85798
020 ## - INTERNATIONAL STANDARD BOOK NUMBER
International Standard Book Number 8189915185
Terms of availability 650.00
035 ## - SYSTEM CONTROL NUMBER
System control number EN-69331
037 ## - SOURCE OF ACQUISITION
Source of stock number/acquisition D.B.Act / Pub
082 ## - DEWEY DECIMAL CLASSIFICATION NUMBER
Classification number 337.1
090 ## - LOCALLY ASSIGNED LC-TYPE CALL NUMBER (OCLC); LOCAL CALL NUMBER (OCLC)
-- 3628
-- 3628
100 ## - MAIN ENTRY--PERSONAL NAME
Personal name Sahni, Geetanjali
245 ## - TITLE STATEMENT
Title Globalisation and sovereignity of nation-states
Statement of responsibility, etc by Geetanjali Sahni
260 ## - PUBLICATION, DISTRIBUTION, ETC. (IMPRINT)
Place of publication, distribution, etc New Delhi
Name of publisher, distributor, etc Regal Publications
Date of publication, distribution, etc 2007
270 ## - ADDRESS
Address F-159, Rajouri Garden,
City New Delhi
State or province Delhi
Postal code 110 027
Telephone number 45546396
Electronic mail address regalbookspub@yahoo.com
300 ## - PHYSICAL DESCRIPTION
Extent 233p.
Dimensions 22cm (Hb)
500 ## - GENERAL NOTE
General note Includes bibliographical references and index
520 ## - SUMMARY, ETC.
Summary, etc Globalization versus nationalism, changing trends in Indian economy, economic realities
942 ## - ADDED ENTRY ELEMENTS (KOHA)
Institution code [OBSOLETE] dpl
Koha item type English Books
Call number prefix 337,1 / SAH
Holdings
Withdrawn status Lost status Source of classification or shelving scheme Damaged status Not for loan Collection code Home library Current library Source of acquisition Cost, normal purchase price Total Checkouts Full call number Barcode Date last seen Copy number Uniform Resource Identifier Cost, replacement price Price effective from Koha item type
    Dewey Decimal Classification   Not For Loan Non-fiction D.B.Act.Division D.B.Act.Division DBAD/PUB 650.00   337.1 SAH EN-69331 15/09/2008 1 3788 650.00 15/09/2008 English Books

© Delhi Public Library
Hit Counter
free hit counter